CONCEPTS OF MODERN PHYSICS / (Record no. 615154)
[ view plain ]
| 000 -LEADER | |
|---|---|
| fixed length control field | 00347nam a22001457a 4500 |
| 027 ## - STANDARD TECHNICAL REPORT NUMBER | |
| Qualifying information | HB. |
| 040 ## - CATALOGING SOURCE | |
| Transcribing agency | FIZZA ISHAQ |
| 082 ## - DEWEY DECIMAL CLASSIFICATION NUMBER | |
| Classification number | 539 |
| Author Mark | BEI |
| 100 ## - MAIN ENTRY--PERSONAL NAME | |
| Personal name | BEISER,ARTHUR. |
| 9 (RLIN) | 8560 |
| 245 ## - TITLE STATEMENT | |
| Title | CONCEPTS OF MODERN PHYSICS / |
| Statement of responsibility, etc. | ARTHUR BEISER. |
| 250 ## - EDITION STATEMENT | |
| Edition statement | 3RD ED. |
| 260 ## - PUBLICATION, DISTRIBUTION, ETC. | |
| Place of publication, distribution, etc. | NEW YORK; |
| Name of publisher, distributor, etc. | McGRAW-HILL, |
| Date of publication, distribution, etc. | 1981. |
| 300 ## - PHYSICAL DESCRIPTION | |
| Extent | 533 P ; |
| 942 ## - ADDED ENTRY ELEMENTS (KOHA) | |
| Source of classification or shelving scheme | |
| Koha item type | Book |
| Withdrawn status | Lost status | Source of classification or shelving scheme | Damaged status | Not for loan | Permanent Location | Current Location | Date acquired | Total Checkouts | Full call number | Barcode | Date last seen | Price effective from | Koha item type |
|---|---|---|---|---|---|---|---|---|---|---|---|---|---|
| NUST Baluchistan Campus (NBC) | NUST Baluchistan Campus (NBC) | 10/13/2025 | 539 ISH | QD-50 | 10/13/2025 | 10/13/2025 | Book |
